| 000 | 00678nam a2200241 i 4500 | ||
|---|---|---|---|
| 003 | DO-SdBNP | ||
| 005 | 20250723115254.0 | ||
| 007 | ta | ||
| 008 | 180724s1980 dr 000 spa d | ||
| 040 |
_aDO-SdBNP _bspa _cBNPHU _erda |
||
| 082 | 4 |
_222 _bA795 |
|
| 100 | 1 |
_aArvelo, Tulio H _952435 |
|
| 245 | 1 | 0 |
_aManual de introducción a la filosofía / _cTulio H. Arvelo |
| 250 | _a6a ed. | ||
| 264 | 1 |
_aSanto Domingo : _bTaller, _c1980. |
|
| 300 |
_a239 páginas _c20 cm. |
||
| 336 |
_2rdacontent _atexto _btxt |
||
| 337 |
_2rdamedia _asin mediación _bn |
||
| 338 |
_2rdacarrier _avolumen _bnc |
||
| 590 | _aInventariado, 2023/ YL | ||
| 910 | _aYLockward | ||
| 942 |
_2ddc _cLBS1 |
||
| 999 |
_c55506 _d55506 |
||